00333nam a2200133Ia 4500008004100000041000800041082001700049100002100066245003000087260004100117300001500158365000700173650001900180210719s1903 xx 000 0 und d aeng a821.912 NICP aNICKLIN (J A) Ed aPoems of english history. aLondonbAdam and Charles Blackc1903 avi,146bHB cRs aEnglish Poetry